<?xml version="1.0" encoding="UTF-8"?>
<collection xmlns="http://www.loc.gov/MARC21/slim">
 <record>
  <leader>00685nab a22001575a 4500</leader>
  <controlfield tag="001">EEA.libagro010116</controlfield>
  <controlfield tag="005">20180419114308.0</controlfield>
  <controlfield tag="008">140901s2005####xx############0###0#und#d</controlfield>
  <datafield tag="082" ind1="0" ind2="4">
   <subfield code="a">615.902</subfield>
  </datafield>
  <datafield tag="100" ind1="1" ind2=" ">
   <subfield code="a">Paoloni, Juan Darío.</subfield>
  </datafield>
  <datafield tag="245" ind1="1" ind2="0">
   <subfield code="a">Mapping of arsenic content and distribution in groundwater in the Southeast Pampa, Argentina /</subfield>
   <subfield code="c">J. D. Paoloni, M. E. Sequeira, C. E. Fiorentino.</subfield>
  </datafield>
  <datafield tag="260" ind1=" " ind2=" ">
   <subfield code="a">Denver, CO :</subfield>
   <subfield code="b">National Environmental Health Association,</subfield>
   <subfield code="c">2005.</subfield>
  </datafield>
  <datafield tag="700" ind1="1" ind2=" ">
   <subfield code="a">Sequeira, Mario E.</subfield>
  </datafield>
  <datafield tag="700" ind1="1" ind2=" ">
   <subfield code="a">Fiorentino, Carmen E.</subfield>
  </datafield>
  <datafield tag="773" ind1="0" ind2=" ">
   <subfield code="7">||as</subfield>
   <subfield code="t">Journal of Environmental Health</subfield>
   <subfield code="x">0022-0892</subfield>
   <subfield code="g">Vol. 67, no. 8 (April 2005), p. 50-53</subfield>
  </datafield>
  <datafield tag="859" ind1=" " ind2=" ">
   <subfield code="a">AR-BbBCA</subfield>
   <subfield code="b">BIB. AGRONOMIA</subfield>
   <subfield code="h">615.902</subfield>
   <subfield code="i">P212</subfield>
   <subfield code="p">2007/5234</subfield>
  </datafield>
 </record>
</collection>
